000 00317nam a22001457a 4500
008 210603b ||||| |||| 00| 0 eng d
020 _a9780077346232
041 _aeng
080 _26th
_a94
082 _a94
100 _a16
101 _aSHH
245 _aThe Human Tradition
_cGloria K. Fiero
942 _2udc
_cBK
999 _c57939
_d57939